| 000 | 00892nam a2200241 4500 | ||
|---|---|---|---|
| 001 | 179077 | ||
| 003 | ES-MaACL | ||
| 005 | 20240610115822.0 | ||
| 008 | 110902s2010 sp aco |||| |dspa d | ||
| 020 | _a978-84-95919-55-7 | ||
| 080 | _a821.134.2-14"19" | ||
| 100 | 1 |
_aDíez Serrano, Isabel. _944650 |
|
| 245 | 1 | 0 |
_aRelámpagos interiores _b: antología 1984-2010 / _cIsabel Díez Serrano. |
| 250 | _a1ª ed. | ||
| 260 |
_aSan Lorenzo de El Escorial (Madrid) : _bCreación, _c2010. |
||
| 300 |
_a317 p. : _bil., fot. ; _c23 cm. |
||
| 504 | _aBibliografía. | ||
| 700 | 1 |
_aVan-Halen, Juan, _d1944- _9138919 |
|
| 852 |
_aES-MaACL _jA-11464 _zDedicatoria autógrafa de la autora _9185946 _bR.146074 _cDEPO1 _dOlim: N-4468 _xDonación: Isabel Díez Serrano |
||
| 903 |
_944650 _aDíez Serrano, Isabel _ednr |
||
| 942 |
_2udc _cMONOGRAFIA |
||
| 999 |
_c179077 _d179077 |
||